=LDR 00000nam 2200000 4500 =001 INLIS000000000040926 =005 20140321095644.0 =006 =007 =008 ind =035 ##$$0010-061300000040926 =041 ##$$a ind =082 ##$$a 813 =090 ##$$a 813 , Qui ,s =100 ##$$a QUINN, Julia =245 ##$$a Sepuluh yang kucinta tentangmu , Julia Quinn =260 ##$$a Jakarta$bGramedia$c2011 =300 ##$$a 440 hlm. 18 cm =650 ##$$a PIKSI =700 ##$$a SALEH, Ellrjanti =850 ##$$a NBPNMAT =990 ##$$a 90990/BPAP-NTB/2014 =990 ##$$a 0001/BPAP-NTB/2015